| 000 | 01026cam a2200205 4500 | ||
|---|---|---|---|
| 001 | WB3719-28 | ||
| 008 | 000000n2001 000 0 eng u | ||
| 035 | _a(Sirsi) u112575 | ||
| 245 | _aNew edition of RICS Schedule of basic plant charges | ||
| 260 | _c2001 | ||
| 490 |
_aCSM (Chartered Surveyor Monthly) _vMay 2001, 5(1) |
||
| 520 | _aThe new edition of the RICS Schedule of Basic Plant Charges comes into effect from 1 May 2001. The expanded and updated schedule, which includes rates for 390 items of plant, is for use in connection with dayworks under a building contract. This is the first revision of the document since 1990. To obtain a copy of "Schedule of basic plant charges - for use in connection with daywork under a building contract", priced £15.00 (inc. p&p) contact: BCIS Ltd, 12 Great George Street, Parliament Square, London SW1P 3AD. | ||
| 590 | _aWB | ||
| 650 | _aBCIS | ||
| 650 | _aRICS | ||
| 650 | _aPLANT CHARGES | ||
| 650 | _aDAYWORKS | ||
| 690 | _aPLANT AND MACHINERY | ||
| 942 | _n0 | ||
| 999 |
_c67004 _d67004 |
||